Pohostinství a cestovní ruch Časopis pro veřejné stravování a cestovní ruch

Saved in:
Bibliographic Details
Format: Serial
Language:Czech
Published: Praha Merkur 1990
Subjects:
Tags: Add Tag
No Tags, Be the first to tag this record!

MARC

LEADER 00000nas2a2200000 4500
001 s015034
005 20231129142407.4
041 0 |a cze 
044 |a CZ 
245 1 0 |a Pohostinství a cestovní ruch  |b Časopis pro veřejné stravování a cestovní ruch 
264 1 |a Praha  |b Merkur  |c 1990 
300 |a 1 zv. 
773 0 |w eu_un_cat*s121008 
610 2 0 |a pohostinstvo 
610 2 0 |a ruch cestovný